000 00265nam a22001217a 4500
008 180226b xxu||||| |||| 00| 0 eng d
041 _aeng
080 _a37
100 _a48
101 _aEDU
245 _aTHE EDUCATION OF A DOCTOR
_cJOHN.M
942 _2udc
_cBK
999 _c43479
_d43479